000 01056nam a22002535a 4500
005 2009062205145.0
008 090324s2009 ii a b 001 0 eng
010 _aENG-94186
020 _a9780415483285
_c795.00
035 _aEN-77719
037 _bDBAD / PUB
040 _adpl
_bEnglish
082 _a372.954
245 _aThe elementary education system in India:
_cedited by Rashmi Sharma [and] Vimala Ramachandran
_bexploring institutional structures, processes and dynamics /
260 _aNew Delhi
_bRoutledge
_c2009
270 _a912-915 Tolstory House, 15-17 Tolstoy Marg
_bNew Delhi
_e110001
300 _axvii, 346p.
_c23cm(Hb)
500 _aIncludes bibliographical references and index
650 _aEducation, Elementary
_zIndia
700 _aSharma, Rashmi
700 _aRamachandran, Vimala
942 _2ddc
_cEN
_mELE
_h372.954
999 _c27782
_d27782